[Event "Torino Sada op"]
[Site "Torino"]
[Date "2012.09.17"]
[Round "1"]
[White "Bertagia, Roldano"]
[Black "Ravazzolo, Gaia"]
[Result "0-1"]
[WhiteElo "1931"]
[BlackElo "1690"]
[PlyCount "54"]
[EventDate "2012.09.17"]
[EventType "swiss"]
[EventRounds "7"]
[EventCountry "ITA"]
[SourceTitle "EXT 2018"]
[Source "ChessBase"]
[SourceDate "2017.10.13"]
[SourceVersion "1"]
[SourceVersionDate "2017.10.13"]
[SourceQuality "1"]

1. e4 d5 2. exd5 Qxd5 3. Nf3 Bg4 4. Be2 Nc6 5. Nc3 Qd7 6. d3 Nf6 7. h3 Bh5 8. Bf4 e6 9. 0-0 h6 10. Re1 Bd6 11. Qd2 g5 12. Ne5 Nxe5 13. Bxe5 Bxe5 14. Bxh5 Bf4 15. Qe2 Nxh5 16. Qxh5 0-0-0 17. Re2 Rdg8 18. Qf3 Rg6 19. Qe4 Bd6 20. Qc4 g4 21. h4 g3 22. f3 Be7 23. Rae1 Bf6 24. Re4 Rd8 25. Nd1 Qd6 26. Rf4 Bd4+ 27. Kh1 Qxf4 0-1

[Event "ITA-ch (Women) 39th"]
[Site "Acqui Terme"]
[Date "2012.07.23"]
[Round "1"]
[White "Ravazzolo, Gaia"]
[Black "Messina, Roberta"]
[Result "1/2-1/2"]
[WhiteElo "1699"]
[BlackElo "1961"]
[PlyCount "94"]
[EventDate "2012.07.23"]
[EventType "swiss"]
[EventRounds "8"]
[EventCountry "ITA"]
[SourceTitle "EXT 2023"]
[Source "ChessBase"]
[SourceDate "2022.10.05"]
[SourceVersion "1"]
[SourceVersionDate "2022.10.05"]
[SourceQuality "1"]

1. d4 Nf6 2. c4 Nc6 3. Nf3 e6 4. Nc3 Bb4 5. a3 Bxc3+ 6. bxc3 d6 7. Qc2 0-0 8. e4 e5 9. Bd3 Bg4 10. Bb2 Bxf3 11. gxf3 Nh5 12. Rg1 Qf6 13. d5 Nb8 14. Bc1 Nf4 15. Rg4 Nd7 16. Be3 g6 17. 0-0-0 Nxd3+ 18. Qxd3 Qxf3 19. Rg3 Qh5 20. Rh1 f5 21. exf5 Qxf5 22. Qe2 Rf7 23. h4 Nc5 24. Bxc5 dxc5 25. Rh2 Rg7 26. Rhg2 Qf4+ 27. Re3 Re8 28. h5 Ree7 29. Rg4 Qh6 30. hxg6 Rxg6 31. Kb2 Qg7 32. Rge4 Rg5 33. Qe1 Rg2 34. Re2 Qf6 35. f4 Rxe2+ 36. Qxe2 Qb6+ 37. Ka2 Rg7 38. fxe5 Qh6 39. Rg4 Kf8 40. Rxg7 Qxg7 41. Qf3+ Ke7 42. e6 b6 43. Kb2 Qg6 44. Qh3 Qe4 45. Qh2 Kd8 46. Qd2 Qe5 47. Qh6 Qe2+ 1/2-1/2

[Event "ITA-chT (Women)"]
[Site "Arvier"]
[Date "2012.05.01"]
[Round "5"]
[White "Ravazzolo, Gaia"]
[Black "Gueci, Tea"]
[Result "0-1"]
[WhiteElo "1701"]
[BlackElo "1910"]
[PlyCount "80"]
[EventDate "2012.04.28"]
[EventType "team-tourn"]
[EventRounds "5"]
[EventCountry "ITA"]
[SourceTitle "CBM 148 Extra"]
[Source "ChessBase"]
[SourceDate "2012.06.22"]
[SourceVersion "1"]
[SourceVersionDate "2012.06.22"]
[SourceQuality "1"]
[WhiteTeam "Torino (W)"]
[BlackTeam "Chieti U16 (W)"]
[WhiteTeamCountry "ITA"]
[BlackTeamCountry "ITA"]

1. d4 Nf6 2. c4 c5 3. d5 e6 4. Nc3 exd5 5. cxd5 d6 6. e4 g6 7. Bb5+ Nfd7 8. Bf4 a6 9. Bxd7+ Nxd7 10. Qa4 Rb8 11. a3 b5 12. Qc2 Qe7 13. Nf3 Bg7 14. 0-0 0-0 15. Rfe1 Re8 16. h3 Bb7 17. Rac1 c4 18. Bg5 Qf8 19. Be3 Bh6 20. Rcd1 Bxe3 21. Rxe3 Nc5 22. Ne1 Bc8 23. Qe2 f5 24. exf5 Bxf5 25. Qd2 a5 26. Rxe8 Qxe8 27. Ne2 Nb3 28. Qe3 Qxe3 29. fxe3 b4 30. g4 Bd7 31. Ng3 bxa3 32. bxa3 Ba4 33. Rb1 Re8 34. Kf2 c3 35. Ne2 Rc8 36. Nc2 Nd2 37. Rc1 Bb3 38. Ned4 Bxd5 39. Nb5 Ne4+ 40. Ke2 Bc4+ 0-1

[Event "Torino Province-ch"]
[Site "Torino"]
[Date "2012.03.13"]
[Round "4"]
[White "Ravazzolo, Gaia"]
[Black "Baruffa, Marino"]
[Result "0-1"]
[WhiteElo "1707"]
[BlackElo "1918"]
[PlyCount "95"]
[EventDate "2012.02.21"]
[EventType "swiss"]
[EventRounds "7"]
[EventCountry "ITA"]
[SourceTitle "EXT 2015"]
[Source "ChessBase"]
[SourceDate "2014.11.20"]
[SourceVersion "1"]
[SourceVersionDate "2014.11.20"]
[SourceQuality "1"]

1. d4 Nf6 2. c4 e6 3. Nf3 g6 4. Nc3 Bg7 5. Bg5 h6 6. Bh4 d6 7. e4 Nbd7 8. Qd2 b6 9. Bd3 Bb7 10. 0-0-0 g5 11. Bg3 Nh5 12. Bc2 Nxg3 13. hxg3 g4 14. Nh4 h5 15. Kb1 Qe7 16. d5 Ne5 17. Ba4+ Kd8 18. Qe2 Ba6 19. Bb5 Bb7 20. f4 gxf3 21. gxf3 c6 22. Ba4 Rc8 23. f4 Nxc4 24. Qxc4 b5 25. Nxb5 cxb5 26. Qxb5 Rc5 27. Qb3 exd5 28. Rhe1 Qc7 29. exd5 Qb6 30. Nf5 Qxb3 31. Bxb3 Bf8 32. Rc1 Bc8 33. Ne3 Rg8 34. Rg1 Bg7 35. Rxc5 dxc5 36. Nc4 Bd4 37. Rg2 Bf5+ 38. Bc2 Bh3 39. Rd2 Rxg3 40. Ne5 Rg1+ 41. Rd1 Rxd1+ 42. Bxd1 Bxe5 43. fxe5 Bg4 44. Bc2 Bf3 45. d6 h4 46. Bf5 Bg2 47. e6 fxe6 48. Bxe6 0-1

[Event "Torino SST Junior-Senior (giallo)"]
[Site "Torino"]
[Date "2012.02.09"]
[Round "5"]
[White "Ravazzolo, Gaia"]
[Black "Brugnoli, Flavio"]
[Result "0-1"]
[WhiteElo "1707"]
[BlackElo "1901"]
[PlyCount "68"]
[EventDate "2011.10.20"]
[EventType "schev"]
[EventRounds "8"]
[EventCountry "ITA"]
[SourceTitle "EXT 2018"]
[Source "ChessBase"]
[SourceDate "2017.10.13"]
[SourceVersion "1"]
[SourceVersionDate "2017.10.13"]
[SourceQuality "1"]

1. d4 Nf6 2. c4 g6 3. Nc3 Bg7 4. e4 d6 5. f3 0-0 6. Be3 b6 7. Bd3 a6 8. Nge2 c5 9. Qd2 Nc6 10. d5 Ne5 11. a3 e6 12. 0-0 Rb8 13. Rac1 Re8 14. Rfd1 Qe7 15. Ng3 exd5 16. cxd5 b5 17. Bf1 h5 18. Bg5 Qf8 19. Re1 Nh7 20. Be3 h4 21. Nge2 Nc4 22. Qd3 Nxb2 23. Qc2 Nc4 24. Bf2 h3 25. Ng3 Nxa3 26. Qd1 b4 27. Na4 b3 28. Qd3 hxg2 29. Bxg2 Be5 30. Nc3 c4 31. Qd2 b2 32. Rcd1 Bxc3 33. Qxc3 b1Q 34. Rxb1 Nxb1 0-1

[Event "Nichelino op 12th"]
[Site "Nichelino"]
[Date "2011.10.06"]
[Round "1"]
[White "Ravazzolo, Gaia"]
[Black "Di Chiara, Mauro"]
[Result "0-1"]
[WhiteElo "1732"]
[BlackElo "1966"]
[PlyCount "78"]
[EventDate "2011.10.06"]
[EventType "swiss"]
[EventRounds "6"]
[EventCountry "ITA"]
[SourceTitle "EXT 2023"]
[Source "ChessBase"]
[SourceDate "2022.10.05"]
[SourceVersion "1"]
[SourceVersionDate "2022.10.05"]
[SourceQuality "1"]

1. d4 d6 2. c4 g6 3. Nc3 Bg7 4. e4 Nf6 5. f3 0-0 6. Be3 Nc6 7. Bd3 e5 8. d5 Nd4 9. Nge2 Nh5 10. Bc2 c5 11. dxc6 Nxc2+ 12. Qxc2 bxc6 13. g4 Nf6 14. Rd1 Qe7 15. h4 h5 16. gxh5 Nxh5 17. Qd2 Rd8 18. c5 Bf6 19. Bg5 Bxg5 20. hxg5 d5 21. exd5 Qxc5 22. d6 Bf5 23. Ne4 Bxe4 24. fxe4 Rab8 25. Rf1 Qb4 26. Qxb4 Rxb4 27. Rf3 Rxe4 28. Kf2 Rb4 29. Rd2 Ng7 30. Rc3 Rb6 31. Rc5 Nf5 32. d7 e4 33. Ke1 e3 34. Rd3 Rb7 35. Rxc6 Rdxd7 36. Rxd7 Rxd7 37. Rc2 Nh4 38. Nc3 Nf3+ 39. Ke2 Nd4+ 0-1

[Event "ITA-ch U16 Girls"]
[Site "Porretta Terme"]
[Date "2011.07.05"]
[Round "3"]
[White "Penzo, Martina"]
[Black "Ravazzolo, Gaia"]
[Result "1/2-1/2"]
[WhiteElo "1679"]
[BlackElo "1720"]
[PlyCount "49"]
[EventDate "2011.07.03"]
[EventType "swiss"]
[EventRounds "8"]
[EventCountry "ITA"]
[SourceTitle "EXT 2024"]
[Source "ChessBase"]
[SourceDate "2023.10.10"]
[SourceVersion "1"]
[SourceVersionDate "2023.10.10"]
[SourceQuality "1"]

1. f4 d5 2. Nf3 Nf6 3. e3 g6 4. Be2 Bg7 5. d3 c6 6. 0-0 0-0 7. h3 Nbd7 8. Nc3 Nc5 9. Qe1 Qc7 10. Qh4 Ncd7 11. Ng5 e5 12. fxe5 Qxe5 13. e4 d4 14. Nb1 h6 15. Nf3 g5 16. Nxe5 gxh4 17. Nxd7 Nxd7 18. Nd2 Ne5 19. Nf3 Ng6 20. Bd2 Be6 21. Rf2 Kh7 22. Raf1 Rg8 23. Nh2 Ne5 24. Nf3 Ng6 25. Nh2 1/2-1/2

[Event "Nichelino op 11th"]
[Site "Nichelino"]
[Date "2010.10.02"]
[Round "3"]
[White "Ravazzolo, Gaia"]
[Black "Rizzo, Simone"]
[Result "0-1"]
[WhiteElo "1722"]
[BlackElo "1890"]
[PlyCount "120"]
[EventDate "2010.09.30"]
[EventType "swiss"]
[EventRounds "6"]
[EventCountry "ITA"]
[SourceTitle "EXT 2024"]
[Source "ChessBase"]
[SourceDate "2023.10.10"]
[SourceVersion "1"]
[SourceVersionDate "2023.10.10"]
[SourceQuality "1"]

1. d4 d5 2. Nf3 e6 3. c4 f5 4. Nc3 Nf6 5. Bg5 Be7 6. g3 0-0 7. cxd5 exd5 8. Bg2 c6 9. 0-0 Ne4 10. Bxe7 Qxe7 11. e3 Nd7 12. Qc2 g5 13. Rab1 Nxc3 14. Qxc3 a5 15. a3 f4 16. exf4 gxf4 17. Rbe1 Qg7 18. Re2 Nf6 19. Ne5 Bf5 20. Rfe1 Rfe8 21. Nd3 fxg3 22. Rxe8+ Rxe8 23. Rxe8+ Nxe8 24. fxg3 Nd6 25. Ne5 Qc7 26. Bxd5+ Kh8 27. Bg2 Qb6 28. Nf3 Be4 29. Kh1 Bd5 30. b4 axb4 31. axb4 Ne4 32. Qb2 Qb5 33. Ne5 Nc3 34. Qf2 Bxg2+ 35. Kxg2 Qd5+ 36. Kg1 Qxd4 37. Qxd4 Ne2+ 38. Kf2 Nxd4 39. Ke3 Nc2+ 40. Kd3 Nxb4+ 41. Kc4 Na6 42. Nf7+ Kg7 43. Nd8 b5+ 44. Kb3 c5 45. Ne6+ Kf6 46. Nf4 Kg5 47. Nd5 h5 48. Nc3 c4+ 49. Kb2 Nc7 50. Ne4+ Kf5 51. Nd6+ Kg4 52. Ne4 Kh3 53. Nf6 Kxh2 54. Nxh5 Kh3 55. Kc3 Kg4 56. Nf6+ Kxg3 57. Ne4+ Kf4 58. Nd6 Nd5+ 59. Kd4 c3 60. Nxb5 c2 0-1

[Event "Nichelino op 11th"]
[Site "Nichelino"]
[Date "2010.10.01"]
[Round "2"]
[White "Guarneri, Giuseppe"]
[Black "Ravazzolo, Gaia"]
[Result "0-1"]
[WhiteElo "1863"]
[BlackElo "1722"]
[PlyCount "54"]
[EventDate "2010.09.30"]
[EventType "swiss"]
[EventRounds "6"]
[EventCountry "ITA"]
[SourceTitle "EXT 2024"]
[Source "ChessBase"]
[SourceDate "2023.10.10"]
[SourceVersion "1"]
[SourceVersionDate "2023.10.10"]
[SourceQuality "1"]

1. e4 c6 2. Nc3 d5 3. Nf3 Nf6 4. e5 Nfd7 5. d4 e6 6. Bd3 Be7 7. Ne2 c5 8. c3 Nc6 9. a3 c4 10. Bc2 b5 11. h4 h6 12. Nf4 a5 13. Rh3 Nb6 14. Rg3 g6 15. Bxg6 fxg6 16. Qc2 Kd7 17. Qxg6 Kc7 18. Nxe6+ Bxe6 19. Qxe6 Rg8 20. Bxh6 Rxg3 21. fxg3 b4 22. Bf4 bxc3 23. bxc3 Na4 24. Nd2 Nxc3 25. Nxc4 dxc4 26. Qxc4 Qxd4 27. e6+ Bd6 0-1

[Event "Torino Alfieri op 2nd"]
[Site "Torino"]
[Date "2010.04.24"]
[Round "5"]
[White "Ravazzolo, Gaia"]
[Black "Macario, Marco"]
[Result "0-1"]
[WhiteElo "1713"]
[BlackElo "1755"]
[PlyCount "90"]
[EventDate "2010.04.21"]
[EventType "swiss"]
[EventRounds "5"]
[EventCountry "ITA"]
[SourceTitle "EXT 2024"]
[Source "ChessBase"]
[SourceDate "2023.10.10"]
[SourceVersion "1"]
[SourceVersionDate "2023.10.10"]
[SourceQuality "1"]

1. d4 Nf6 2. c4 g6 3. Nc3 d5 4. Qb3 dxc4 5. Qxc4 a6 6. Bf4 c6 7. Nf3 Bg7 8. e3 0-0 9. Be2 Nd5 10. Be5 Be6 11. Qd3 f6 12. Bg3 Nd7 13. e4 Nxc3 14. bxc3 b5 15. Nd2 Nb6 16. 0-0 Qd7 17. Rfd1 Rad8 18. Qc2 f5 19. exf5 Bxf5 20. Qb3+ Kh8 21. Nf3 Be6 22. Qc2 Bf5 23. Qc1 Qc8 24. Ne5 Nd7 25. Qe3 Nxe5 26. Bxe5 Qe6 27. Bf4 Qxe3 28. Bxe3 Be4 29. a4 Bc2 30. Rd2 Bxa4 31. Bf3 c5 32. dxc5 Bxc3 33. Rxd8 Rxd8 34. Rc1 b4 35. Bb7 b3 36. Be4 b2 37. Rb1 Rc8 38. h3 Bc6 39. Bd3 a5 40. Bc2 Rd8 41. Bg5 Rd7 42. Bb3 Be4 43. Be6 Bxb1 44. Bxd7 Bf5 45. Bxf5 gxf5 0-1

[Event "Turin-ch"]
[Site "Turin"]
[Date "2009.12.04"]
[Round "5"]
[White "Mazzetta, Renato"]
[Black "Ravazzolo, Gaia"]
[Result "1-0"]
[WhiteElo "1913"]
[BlackElo "1692"]
[PlyCount "57"]
[EventDate "2009.11.09"]
[EventType "swiss"]
[EventRounds "7"]
[EventCountry "ITA"]
[SourceTitle "EXT 2012"]
[Source "ChessBase"]
[SourceDate "2011.11.24"]
[SourceVersion "1"]
[SourceVersionDate "2011.11.24"]
[SourceQuality "1"]

1. e4 c6 2. d4 d5 3. exd5 cxd5 4. Bd3 Nc6 5. c3 Nf6 6. Bf4 Bg4 7. Qb3 Qd7 8. Nd2 e6 9. Ngf3 Be7 10. 0-0 0-0 11. Qc2 Rac8 12. Ne5 Nxe5 13. dxe5 Ne4 14. Nxe4 dxe4 15. Bxe4 g6 16. h3 Bf5 17. Bxf5 exf5 18. Rad1 Qe6 19. Qb3 Qc6 20. Rfe1 Kg7 21. e6 Rce8 22. exf7 Rxf7 23. Re6 Qc8 24. Rde1 a6 25. Qd5 Rd8 26. Qe5+ Bf6 27. Qe3 Rfd7 28. Bh6+ Kf7 29. Rxf6+ 1-0

[Event "Condino op"]
[Site "Condino"]
[Date "2009.07.31"]
[Round "6"]
[White "Zuccaro, Guido"]
[Black "Ravazzolo, Gaia"]
[Result "1/2-1/2"]
[WhiteElo "1705"]
[BlackElo "1698"]
[PlyCount "62"]
[EventDate "2009.07.27"]
[EventType "swiss"]
[EventRounds "7"]
[EventCountry "ITA"]
[SourceTitle "CBM 131 Extra"]
[Source "ChessBase"]
[SourceDate "2009.09.03"]
[SourceVersion "2"]
[SourceVersionDate "2009.09.16"]
[SourceQuality "1"]

1. c4 c6 2. Nc3 d5 3. cxd5 cxd5 4. g3 Nf6 5. Bg2 Nc6 6. Nf3 Bf5 7. d3 e6 8. Qa4 Be7 9. e4 dxe4 10. dxe4 Bg6 11. Ne5 Qd4 12. Nxg6 Qxa4 13. Nxa4 hxg6 14. 0-0 0-0 15. h3 Rfd8 16. Be3 Nd7 17. Rac1 Rac8 18. Rfd1 Bb4 19. a3 Be7 20. b4 b5 21. Nc3 a6 22. f4 e5 23. Nd5 Bf6 24. f5 gxf5 25. exf5 Nd4 26. Nxf6+ Nxf6 27. Rxc8 Rxc8 28. Bxd4 exd4 29. Rxd4 Rc3 30. g4 Rxa3 31. Kh2 Re3 1/2-1/2

[Event "Condino op"]
[Site "Condino"]
[Date "2009.07.27"]
[Round "1"]
[White "Ravazzolo, Gaia"]
[Black "Hortensius, Lisa"]
[Result "0-1"]
[WhiteElo "1698"]
[BlackElo "2033"]
[PlyCount "134"]
[EventDate "2009.07.27"]
[EventType "swiss"]
[EventRounds "7"]
[EventCountry "ITA"]
[SourceTitle "CBM 131 Extra"]
[Source "ChessBase"]
[SourceDate "2009.09.03"]
[SourceVersion "2"]
[SourceVersionDate "2009.09.16"]
[SourceQuality "1"]

1. d4 e6 2. Nf3 d5 3. c4 Nf6 4. Nc3 Be7 5. cxd5 exd5 6. Bg5 0-0 7. e3 b6 8. Bd3 Nbd7 9. Rc1 Bb7 10. 0-0 c5 11. dxc5 bxc5 12. Qc2 Rc8 13. Bxf6 Nxf6 14. Bf5 Rb8 15. Qe2 g6 16. Bc2 Bd6 17. Bb3 Re8 18. Qd1 Bc6 19. Ba4 Bxa4 20. Nxa4 Ne4 21. Qc2 Qf6 22. Rfd1 Qf5 23. Nc3 Nxc3 24. Qxf5 Ne2+ 25. Kf1 gxf5 26. Kxe2 Rxb2+ 27. Kf1 d4 28. Kg1 Rxa2 29. exd4 cxd4 30. Nxd4 Ba3 31. Rc2 Rxc2 32. Nxc2 Bc5 33. Re1 Rd8 34. Ne3 Rd2 35. Rf1 Bxe3 36. fxe3 Re2 37. Ra1 Rxe3 38. Rxa7 Kg7 39. Ra5 Kg6 40. Kf2 Rb3 41. Re5 f6 42. Re3 Rxe3 43. Kxe3 Kg5 44. Kf3 f4 45. Kf2 Kg4 46. h3+ Kg5 47. Kf3 Kf5 48. Kf2 Ke4 49. Ke2 h5 50. Kf2 h4 51. Ke2 f3+ 52. gxf3+ Kf4 53. Kf2 f5 54. Kg2 Ke3 55. f4 Ke2 56. Kh2 Kf2 57. Kh1 Kg3 58. Kg1 Kxh3 59. Kf2 Kg4 60. Kg2 Kxf4 61. Kf2 Kg4 62. Kg2 f4 63. Kf1 f3 64. Kg1 Kg3 65. Kh1 h3 66. Kg1 f2+ 67. Kf1 h2 0-1

[Event "Savigliano op"]
[Site "Savigliano"]
[Date "2009.05.31"]
[Round "5"]
[White "Ravazzolo, Gaia"]
[Black "Sotgia, Cosimo"]
[Result "0-1"]
[WhiteElo "1675"]
[BlackElo "1859"]
[PlyCount "113"]
[EventDate "2009.05.28"]
[EventType "swiss"]
[EventRounds "6"]
[EventCountry "ITA"]
[SourceTitle "CBM 130 Extra"]
[Source "ChessBase"]
[SourceDate "2009.07.02"]
[SourceVersion "2"]
[SourceVersionDate "2009.07.15"]
[SourceQuality "1"]

1. d4 c5 2. d5 Nf6 3. c4 b5 4. cxb5 a6 5. e3 g6 6. Nc3 Bg7 7. Nf3 0-0 8. Be2 d6 9. 0-0 axb5 10. Bxb5 Ba6 11. Qd3 Bxb5 12. Nxb5 Nbd7 13. Nc3 Ng4 14. e4 Nge5 15. Nxe5 Nxe5 16. Qe2 c4 17. f4 Nd3 18. Nd1 Qb6+ 19. Be3 Bd4 20. Bxd4 Qxd4+ 21. Kh1 Rfb8 22. Qe3 Qxe3 23. Nxe3 Rxb2 24. Nxc4 Rbxa2 25. Rxa2 Rxa2 26. e5 Nxf4 27. exd6 exd6 28. Nxd6 Nxd5 29. h3 f5 30. Re1 Ra7 31. Nb5 Re7 32. Rxe7 Nxe7 33. Nd4 Kf7 34. Kg1 Kf6 35. Nf3 f4 36. Kf2 Nf5 37. Nd2 Ng3 38. Kf3 Kf5 39. Nc4 g5 40. Nd6+ Kg6 41. Nc4 h5 42. Nd6 Kg7 43. Nc4 Kf6 44. h4 Nf5 45. hxg5+ Kxg5 46. Ne5 Nh4+ 47. Kf2 Kf5 48. g3 Kxe5 49. gxh4 Ke4 50. Kf1 Ke3 51. Kg1 Ke2 52. Kg2 f3+ 53. Kg1 f2+ 54. Kh2 f1Q 55. Kg3 Qf3+ 56. Kh2 Qg4 57. Kh1 0-1

[Event "ITA-chT (Women) 2nd"]
[Site "Senigallia"]
[Date "2009.05.01"]
[Round "2"]
[White "Brunello, Roberta"]
[Black "Ravazzolo, Gaia"]
[Result "1-0"]
[WhiteElo "1940"]
[BlackElo "1675"]
[PlyCount "81"]
[EventDate "2009.04.30"]
[EventType "team-tourn"]
[EventRounds "6"]
[EventCountry "ITA"]
[SourceTitle "EXT 2012"]
[Source "ChessBase"]
[SourceDate "2011.11.24"]
[SourceVersion "1"]
[SourceVersionDate "2011.11.24"]
[SourceQuality "1"]

1. e4 c6 2. d4 d5 3. e5 c5 4. Be2 cxd4 5. Qxd4 Nc6 6. Qf4 Qc7 7. Nc3 Be6 8. Nf3 a6 9. Na4 h6 10. 0-0 g5 11. Qe3 0-0-0 12. Nd4 Nxe5 13. Nxe6 fxe6 14. Qa7 Kd7 15. Nc5+ Kd6 16. Nxb7+ Kd7 17. Nc5+ Kd6 18. Qxc7+ Kxc7 19. Nxe6+ Kd7 20. Nxd8 Kxd8 21. Bxa6 Bg7 22. a4 Nc6 23. c3 Nf6 24. a5 Kc7 25. Be3 Nd7 26. Rfd1 e6 27. Bb5 Ra8 28. Bb6+ Kd6 29. Bxc6 Kxc6 30. Bd4 e5 31. Be3 Nb8 32. b4 Na6 33. Bb6 Nb8 34. c4 d4 35. b5+ Kb7 36. c5 Kc8 37. c6 Bf8 38. Rd3 Bb4 39. Rf3 Be7 40. Rf7 Bd6 41. Rg7 1-0

[Event "ITA-chT Final (Women) 1st"]
[Site "Arvier"]
[Date "2008.05.04"]
[Round "5"]
[White "Ravazzolo, Gaia"]
[Black "Messina, Roberta"]
[Result "0-1"]
[WhiteElo "1479"]
[BlackElo "1859"]
[PlyCount "64"]
[EventDate "2008.05.02"]
[EventType "team-swiss"]
[EventRounds "5"]
[EventCountry "ITA"]
[SourceTitle "CBM 124 Extra"]
[Source "ChessBase"]
[SourceDate "2008.07.03"]
[SourceVersion "1"]
[SourceVersionDate "2008.07.03"]
[SourceQuality "1"]
[WhiteTeam "Torino"]
[BlackTeam "Vitinia"]
[WhiteTeamCountry "ITA"]
[BlackTeamCountry "ITA"]

1. d4 Nf6 2. c4 e6 3. Nf3 b6 4. Bg5 Bb4+ 5. Nbd2 h6 6. Bxf6 Qxf6 7. a3 Bxd2+ 8. Qxd2 Bb7 9. Qd3 d6 10. Rd1 Nd7 11. b4 Rd8 12. g3 0-0 13. Bg2 Rfe8 14. 0-0 e5 15. e4 exd4 16. Nxd4 Ne5 17. Qc2 c5 18. Nb5 Nf3+ 19. Kh1 Bxe4 20. Qb3 Re7 21. Nc3 Nd4 22. Nxe4 Rxe4 23. Qd3 Re2 24. Rd2 Rde8 25. Kg1 h5 26. b5 h4 27. Rxe2 Rxe2 28. Be4 h3 29. Bh7+ Kh8 30. Be4 Qe5 31. f3 Rg2+ 32. Kh1 f5 0-1

[Event "ITA-chT Final (Women) 1st"]
[Site "Arvier"]
[Date "2008.05.02"]
[Round "1"]
[White "Evangelista, Chiara"]
[Black "Ravazzolo, Gaia"]
[Result "0-1"]
[WhiteElo "1395"]
[BlackElo "1479"]
[PlyCount "96"]
[EventDate "2008.05.02"]
[EventType "team-swiss"]
[EventRounds "5"]
[EventCountry "ITA"]
[SourceTitle "CBM 124 Extra"]
[Source "ChessBase"]
[SourceDate "2008.07.03"]
[SourceVersion "1"]
[SourceVersionDate "2008.07.03"]
[SourceQuality "1"]
[WhiteTeam "Bellame Libertas"]
[BlackTeam "Torino"]
[WhiteTeamCountry "ITA"]
[BlackTeamCountry "ITA"]

1. e4 e5 2. Nf3 Nf6 3. Nc3 Nc6 4. Bc4 Bc5 5. d3 0-0 6. Bg5 d6 7. h3 Nd4 8. Nxd4 Bxd4 9. Na4 a6 10. c3 Bxf2+ 11. Kxf2 b5 12. Bxb5 axb5 13. b3 bxa4 14. bxa4 Nxe4+ 15. dxe4 Qxg5 16. Kg1 Qe3+ 17. Kh2 Qxe4 18. Qe1 Qxe1 19. Rhxe1 Rxa4 20. Re3 Bf5 21. Rf3 Bg6 22. Rg3 Rfa8 23. a3 Rxa3 24. Rxa3 Rxa3 25. h4 Ra4 26. Rh3 h6 27. g3 Bf5 28. g4 Bxg4 29. Rg3 Bf5 30. h5 Rh4+ 31. Kg2 Rxh5 32. Rf3 Be4 33. Kg3 Bxf3 34. Kxf3 Rh1 35. Ke4 Rg1 36. c4 h5 37. Kd5 h4 38. Kc6 h3 39. Kxc7 h2 40. Kxd6 h1Q 41. c5 Rd1+ 42. Kc7 Rc1 43. Kb6 Qg1 44. Kc6 Qxc5+ 45. Kd7 Qd5+ 46. Ke7 Qe6+ 47. Kd8 Rd1+ 48. Kc7 Qc4+ 0-1